|
|
|
|
| LEADER |
00999nam a2200313 4500 |
| 001 |
DLU090092400 |
| 005 |
##20091201 |
| 040 |
# |
# |
|a DLU
|b eng
|
| 041 |
# |
# |
|a eng
|
| 044 |
# |
# |
|a us
|
| 245 |
# |
# |
|a The ars detoxification system is advantageous but not required for As(V) respiration by the genetically tractable shewanella species strain ANA-3 /
|c Chad W. Saltikov ... [et al.].
|
| 653 |
# |
# |
|a Arsenate
|
| 653 |
# |
# |
|a Bacteria
|
| 653 |
# |
# |
|a Capability
|
| 653 |
# |
# |
|a Respiration
|
| 700 |
# |
# |
|a Cifuentes, Ana.
|
| 700 |
# |
# |
|a Newman, Dianne K.
|
| 700 |
# |
# |
|a Saltikov, Chad W.
|
| 700 |
# |
# |
|a Venkateswaran, Kasthuri.
|
| 773 |
# |
# |
|t Applied and Environmental Microbiology
|g Vol. 69, no. 5 (May 2003), p. 2800-2809
|
| 920 |
# |
# |
|a Phòng Tạp chí -- Trung tâm Thông tin - Thư viện Trường Đại học Đà Lạt
|
| 994 |
# |
# |
|a DLU
|
| 900 |
# |
# |
|a True
|
| 911 |
# |
# |
|a Trương Bảo Trâm Anh
|
| 925 |
# |
# |
|a G
|
| 926 |
# |
# |
|a A
|
| 927 |
# |
# |
|a BB
|
| 980 |
# |
# |
|a Thư viện Trường Đại học Đà Lạt
|